| 000 | 00791nam a22003250a 4500 | ||
|---|---|---|---|
| 001 | UByD000265 | ||
| 003 | AR-LpoUNG | ||
| 005 | 20220328190452.0 | ||
| 008 | 220327s2019||||ag |||||||||||||||||spa d | ||
| 020 | _a9789876842853 | ||
| 040 |
_aAR-LpoUNG _bspa _cAR-LpoUNG _eaacr |
||
| 041 | _aspa | ||
| 044 | _aag | ||
| 082 | 0 | _aA864 643bor | |
| 100 | 1 | _aGonzález, Horacio | |
| 245 | 1 | 0 |
_aBorges : _blos pueblos bárbaros |
| 250 | _a1ra. ed. | ||
| 260 |
_aBuenos Aires : _bColihue, _c2019. |
||
| 300 | _a256 p. | ||
| 650 | 4 | _aLITERATURA | |
| 650 | 4 | _aARGENTINA | |
| 650 | 4 | _aBIOGRAFIAS | |
| 650 | 4 | _aHISTORIA LITERARIA | |
| 650 | 4 | _aANALISIS LITERARIO | |
| 650 | 4 | _aCULTURA | |
| 650 | 4 | _aENSAYO | |
| 653 | 1 | _aBORGES, JORGE LUIS | |
| 905 | _a46322 | ||
| 942 |
_cLSALA _2ddc |
||
| 999 |
_c62988 _d62988 |
||